| 000 | 01558nam a2200253Ia 4500 | ||
|---|---|---|---|
| 001 | 15751 | ||
| 003 | GE_BSU | ||
| 008 | 181216s||||||||xx |||||||||||||| ||und|| | ||
| 020 | _aISBN 978-9941-0-3946-1 | ||
| 040 | _cGE_BSU | ||
| 080 | _a94(479)(093)(031)+ 81'374.2(038)=353.1 | ||
| 100 | _aავტ.:კვაჭანტირაძე ეკა, ქეთევან ნადირაძე, გიორგი ოთხმეზური, თამარ ქორიძე | ||
| 245 | _aკავკასია ქართულ წყაროებში : უცხო სახელმწიფოები, ტომები, ისტორიული პირები | ||
| 245 | _bენციკლოპედიური ლექსიკონი [ქართ. და ინგლ. ენ.] | ||
| 245 | _cმთ. რედ. ვახტანგ გოილაძე, რედ. ქეთევან ნადირაძე ; | ||
| 260 | _aთბილისი | ||
| 260 | _bფავორიტი | ||
| 260 | _c2012 | ||
| 300 | _a392 გვ. ; 24 სმ.. - ყდა ქართ. და ინგლ.. - გეოგრ. სახელთა განმარტებები:გვ. 207-214, 381-386. | ||
| 300 | _bლექსიკონი: 215-219, 387-389. - ბიბლიოგრ.: გვ. 222-223, 391-392. | ||
| 653 | _aენციკლოპედიური ლექსიკონი | ||
| 653 | _aკავკასია ქართულ წყაროებში | ||
| 942 | _cBK | ||
| 999 |
_c48849 _d48849 |
||